Revue des deux mondes : CII année : huitième période : tome douzième /

La Reveu des deux mondes es una de las publicaciones francesas de debate literario e intelectual más longevas del país y del continente europeo. Se publicó originalmente en 1829 con la premisa de establecer vínculos entre Francia y Estados Unidos, el viejo y el nuevo mundo, y desde entonces ha propi...

Whakaahuatanga katoa

I tiakina i:
Ngā taipitopito rārangi puna kōrero
Ētahi atu kaituhi: Doumic, René (dirección) (dirección)
Hōputu: Pukapuka
Reo:Wīwī
Ngā marau:
Ngā Tūtohu: Tāpirihia he Tūtohu
Kāore He Tūtohu, Me noho koe te mea tuatahi ki te tūtohu i tēnei pūkete!

MARC

LEADER 00000nam^a2200000^a^4500
001 000357881
005 20250526000000.0
009 20260310115312.704
037 |a Acervo ITESO - Biblioteca 
041 |a FRA 
082 |a 805.  |b REV V. 8 T. 12 
240 1 1 |a [Revue de littérature, histoire, arts et sciences des deux mondes] 
240 1 1 |a [Revue des deux mondes] 
245 0 0 |a Revue des deux mondes :  |b CII année : huitième période : tome douzième /  |c Dir. de R. Doumic. 
264 |a París, Francia :  |b Revue des Deux Mondes,  |c 1932 
300 |a 960 p., 8 p. ;  |c 24.0 cm. 
336 |a texto  |b txt  |2 rdacontenido 
337 |a sin mediación  |b n  |2 rdamedio 
338 |a volumen  |b nc  |2 rdasoporte 
520 |a La Reveu des deux mondes es una de las publicaciones francesas de debate literario e intelectual más longevas del país y del continente europeo. Se publicó originalmente en 1829 con la premisa de establecer vínculos entre Francia y Estados Unidos, el viejo y el nuevo mundo, y desde entonces ha propiciado la discusión de asuntos artísticos y culturales de la sociedad francesa y del ámbito internacional desde una perspectiva histórica y política. Aunque en etapas más recientes se le ha criticado por asumir posiciones conservadores frente a temas polémicos, se le sigue estimando por haber sido espacio de reconocidos críticos, editores e intelectuales europeos. 
649 |a XX 
650 |a Escritores Alemanes 
650 |a Escritores Franceses 
650 |a Artistas Alemanes 
650 |a Artistas Franceses 
650 |a Jefes de Estado Norteamericanos 
650 |a Políticos Norteamericanos 
650 |a Emperadores Rusos 
650 |a Mujeres Rusas 
650 |a Iglesia Católica en Inglaterra -  |x Historia 
650 |a Propaganda -  |z Alemania -  |x Historia 
650 |a Periódicos -  |z Francia -  |x Historia -  |y Siglo XIX 
650 |a Medios Impresos -  |z Francia -  |x Historia 
650 |a Museos y Galerías -  |z Francia 
650 |a Opera Cómica -  |z Francia -  |x Historia y Crítica 
650 |a Música para Representación -  |z Francia -  |x Historia y Crítica 
650 |a Discursos Franceses (Oratoria) 
650 |a Ensayos Franceses 
650 |a Crónicas Francesas 
650 |a Cuentos Franceses 
650 |a Teatro Francés 
650 |a Poesía Francesa 
650 |a Novela Francesa 
650 |a Literatura Francesa -  |x Historia y Crítica 
650 |a Literatura Francesa -  |y Siglo XX 
650 |a Literatura Alemana -  |x Historia y Crítica 
650 |a Literatura -  |x Publicaciones Periódicas Francesas -  |x Tema Principal 
650 |a Comunicación y Política -  |z Alemania -  |x Historia 
650 |a Cultura -  |x Publicaciones Periódicas Francesas -  |x Tema Principal 
650 |a Publicaciones Periódicas Francesas 
650 |a Goethe, Johann Wolfgang 
650 |a Dumas, Alexandre 
650 |a Benoit, Pierre 
650 |a Catalina II, La Grande, Emperatriz de Rusia 
600 |a Roosevelt, Franklin D. 
740 0 |a Discours prononcés au douzième dîner de la revue :  |b supplément a la Revue des deux mondes du 15 décembre 1932 / 
700 |a Doumic, René  |e (dirección) 
910 |a Fondo General 
920 |a Impresos - Libros 
930 |a Libros Antiguos y Raros 
940 |a Literatura 
905 |a 108 
901 |a 0500252131  |b IT2  |c LRA  |i D71360  |u 20250526 
902 |a https://opac.biblio.iteso.mx/vufind/Record/000357881